Hongkong - Siang-Kang - a pozadie revolúcie dáždnikov

Historický pohľad na Hongkong. Čínsko-britské spoločné vyhlásenie v roku 1984. Masové protesty - hnutie dáždnikov.

Saved in:
Bibliographic Details
Main Author: Škvrnda, František
Format: Book Chapter
Language:Slovak
Subjects:
Tags: Add Tag
No Tags, Be the first to tag this record!

MARC

LEADER 00000naa a2200000 4500
001 0197337
005 20240502073333.8
041 0 |a slo 
044 |a SK 
245 1 0 |a Hongkong - Siang-Kang - a pozadie revolúcie dáždnikov  |c František Škvrnda 
520 |a Historický pohľad na Hongkong. Čínsko-britské spoločné vyhlásenie v roku 1984. Masové protesty - hnutie dáždnikov. 
610 2 0 |a politika 
610 2 0 |a demonštrácie 
610 2 0 |a voľby 
610 2 0 |a právo volebné 
610 2 0 |a Hongkong 
610 2 0 |a Čína 
610 2 0 |a Veľká Británia 
100 1 |a Škvrnda, František